<?xml version="1.0" encoding="UTF-8"?>
<record
    xmlns:xsi="http://www.w3.org/2001/XMLSchema-instance"
    xsi:schemaLocation="http://www.loc.gov/MARC21/slim http://www.loc.gov/standards/marcxml/schema/MARC21slim.xsd"
    xmlns="http://www.loc.gov/MARC21/slim">

  <leader>00992nam a2200277 a 4500</leader>
  <controlfield tag="003">AR-MoUNM</controlfield>
  <controlfield tag="005">20260328063357.0</controlfield>
  <controlfield tag="008">110824s2001    ag      !     000 0 spa d</controlfield>
  <datafield tag="020" ind1=" " ind2=" ">
    <subfield code="a">8461070054</subfield>
  </datafield>
  <datafield tag="040" ind1=" " ind2=" ">
    <subfield code="a">AR-SmUSM</subfield>
    <subfield code="b">spa</subfield>
    <subfield code="c">AR-SmUSM</subfield>
  </datafield>
  <datafield tag="041" ind1="1" ind2=" ">
    <subfield code="a">spa</subfield>
    <subfield code="h">eng</subfield>
  </datafield>
  <datafield tag="043" ind1=" " ind2=" ">
    <subfield code="a">s-ag</subfield>
  </datafield>
  <datafield tag="082" ind1="0" ind2=" ">
    <subfield code="a">320.982 05</subfield>
    <subfield code="b">ROC 682</subfield>
    <subfield code="2">20</subfield>
  </datafield>
  <datafield tag="100" ind1="1" ind2=" ">
    <subfield code="a">Rock, David, </subfield>
    <subfield code="d">1945- </subfield>
    <subfield code="9">5170</subfield>
  </datafield>
  <datafield tag="240" ind1="1" ind2="0">
    <subfield code="a">Politics in Argentina.</subfield>
    <subfield code="l">Espa&#xF1;ol</subfield>
  </datafield>
  <datafield tag="245" ind1="1" ind2="0">
    <subfield code="a">El radicalismo argentino :</subfield>
    <subfield code="b">1890-1930 /</subfield>
    <subfield code="c">David Rock ; [tr. Leandro Wolfson].</subfield>
  </datafield>
  <datafield tag="260" ind1=" " ind2=" ">
    <subfield code="a">Buenos Aires :</subfield>
    <subfield code="b">Amorrortu,</subfield>
    <subfield code="c">2001.</subfield>
  </datafield>
  <datafield tag="300" ind1=" " ind2=" ">
    <subfield code="a">356 p. ;</subfield>
    <subfield code="c">19 cm.</subfield>
  </datafield>
  <datafield tag="500" ind1=" " ind2=" ">
    <subfield code="a">Traducido de: Politics in Argentina, 1890-1930: the rise and fall of radicalism, ed. Cambridge University Press, 1975.</subfield>
  </datafield>
  <datafield tag="504" ind1=" " ind2=" ">
    <subfield code="a">Incluye referencias bibliogr&#xE1;ficas (p.348-356)</subfield>
  </datafield>
  <datafield tag="610" ind1="2" ind2=" ">
    <subfield code="9">12844</subfield>
    <subfield code="a">Uni&#xF3;n C&#xED;vica Radical</subfield>
  </datafield>
  <datafield tag="650" ind1=" " ind2="7">
    <subfield code="2">unescot</subfield>
    <subfield code="a">HISTORIA POLITICA</subfield>
    <subfield code="z">ARGENTINA</subfield>
    <subfield code="9">90</subfield>
  </datafield>
  <datafield tag="650" ind1=" " ind2="7">
    <subfield code="a">PARTIDO POLITICO</subfield>
    <subfield code="2">unescot</subfield>
    <subfield code="9">2385</subfield>
  </datafield>
  <datafield tag="651" ind1=" " ind2="7">
    <subfield code="2">unescot</subfield>
    <subfield code="a">ARGENTINA</subfield>
    <subfield code="9">2590</subfield>
  </datafield>
  <datafield tag="942" ind1=" " ind2=" ">
    <subfield code="c">LIBRO</subfield>
  </datafield>
  <datafield tag="999" ind1=" " ind2=" ">
    <subfield code="c">8785</subfield>
    <subfield code="d">8786</subfield>
  </datafield>
  <datafield tag="952" ind1=" " ind2=" ">
    <subfield code="0">0</subfield>
    <subfield code="1">0</subfield>
    <subfield code="4">0</subfield>
    <subfield code="7">0</subfield>
    <subfield code="a">UNM</subfield>
    <subfield code="b">UNM</subfield>
    <subfield code="d">2018-01-25</subfield>
    <subfield code="e">Donaci&#xF3;n Marta Tenewicki</subfield>
    <subfield code="i">15492</subfield>
    <subfield code="l">2</subfield>
    <subfield code="o">320.982 05 ROC 682</subfield>
    <subfield code="p">15492</subfield>
    <subfield code="r">2018-05-09 00:00:00</subfield>
    <subfield code="s">2018-05-09</subfield>
    <subfield code="t">Ej. C</subfield>
    <subfield code="w">2018-01-25</subfield>
    <subfield code="y">LIBRO</subfield>
  </datafield>
</record>
